[Event "Liga CS Jug 2017"]
[Site "Vlasotince"]
[Date "2017.10.14"]
[Round "10.6"]
[White "RILAK, Slavoljub"]
[Black "STOJILJKOVIC, Zivojin"]
[Result "1/2-1/2"]
[WhiteElo "2004"]
[BlackElo "1948"]
[PlyCount "22"]
[EventDate "2017.09.03"]

1. e4 e5 2. Nf3 Nc6 3. d4 exd4 4. Nxd4 d6 5. Nc3 Nf6 6. Be2 Be7 7. Be3 O-O 8.
f3 a6 9. Qd2 Nd5 10. a4 Na5 11. O-O-O Qd7 1/2-1/2

[Event "Liga CS Jug 2017"]
[Site "Vlasotince"]
[Date "2017.10.14"]
[Round "10.6"]
[White "STANKOVIC, Dimitrije   ***"]
[Black "SINADINOVIC, Ilija   *"]
[Result "1/2-1/2"]
[WhiteElo "1904"]
[BlackElo "1896"]
[PlyCount "23"]
[EventDate "2017.09.03"]

1. e4 e5 2. Nf3 Nc6 3. Bb5 Nf6 4. d3 d6 5. c3 Be7 6. Nbd2 O-O 7. Nf1 Bg4 8. Ng3
a6 9. Ba4 b5 10. Bb3 Be6 11. Bc2 Re8 12. O-O 1/2-1/2

[Event "Liga CS Jug 2017"]
[Site "Vlasotince"]
[Date "2017.10.15"]
[Round "11.1"]
[White "JOVANOVIC, Dragan N"]
[Black "CIHACEV, Bojan"]
[Result "0-1"]
[WhiteElo "1898"]
[BlackElo "2157"]
[PlyCount "92"]
[EventDate "2017.09.03"]

1. e4 c5 2. Nf3 Nc6 3. d4 cxd4 4. Nxd4 d6 5. Nc3 g6 6. Be3 Bg7 7. Be2 Nf6 8. f4
Qa5 9. Qd2 Nxd4 10. Bxd4 Nxe4 11. Bb5+ Bd7 12. Bxd7+ Kxd7 13. Nxe4 Qxd2+ 14.
Nxd2 Bxd4 15. O-O-O Be3 16. g3 g5 17. fxg5 Bxg5 18. Kb1 Bxd2 19. Rxd2 h5 20.
Rf1 f6 21. Rd4 Rag8 22. Rb4 b6 23. Rff4 Rg4 24. c3 Rxf4 25. Rxf4 Rh6 26. Rh4 f5
27. h3 Rg6 28. Rxh5 Rxg3 29. Rxf5 Rxh3 30. Rf2 Kc6 31. Kc2 e5 32. Rf8 Rh2+ 33.
Kb3 Rd2 34. Rc8+ Kd7 35. Rf8 a5 36. a4 e4 37. c4 e3 38. Rf1 Rf2 39. Re1 e2 40.
Kc2 Kc6 41. Kd2 Kc5 42. b3 Rf3 43. Kxe2 Rxb3 44. Rd1 Ra3 45. Rd5+ Kxc4 46. Rxd6
Kc5 0-1

[Event "Liga CS Jug 2017"]
[Site "Vlasotince"]
[Date "2017.10.15"]
[Round "11.1"]
[White "KALAJDZIC, Zoran"]
[Black "NISIC, Miroslav"]
[Result "1-0"]
[WhiteElo "1778"]
[BlackElo "2024"]
[PlyCount "103"]
[EventDate "2017.09.03"]

1. e4 c6 2. d4 d5 3. exd5 cxd5 4. Nf3 Nf6 5. Bd3 Bg4 6. O-O e6 7. c3 Nc6 8. h3
Bh5 9. Re1 Be7 10. Bf4 O-O 11. Nbd2 a6 12. Qc2 Rc8 13. g4 Nb4 14. Qb1 Nxd3 15.
Qxd3 Bg6 16. Qe2 Ne4 17. Nxe4 Bxe4 18. Nd2 Bg6 19. Nf3 b5 20. a3 Re8 21. Ne5
Bd6 22. Nxg6 hxg6 23. Bxd6 Qxd6 24. Qe5 Qe7 25. f4 Qh4 26. Kg2 a5 27. Qg5 Qxg5
28. fxg5 b4 29. axb4 axb4 30. Re3 bxc3 31. bxc3 Rc7 32. Rf1 Rec8 33. Rff3 Ra8
34. Rf2 Ra3 35. Rff3 Ra2+ 36. Rf2 Rca7 37. Rxa2 Rxa2+ 38. Kg3 Kf8 39. h4 Ra1
40. Kg2 Ke7 41. Rf3 f6 42. gxf6+ gxf6 43. Rf2 Rc1 44. Rf3 e5 45. dxe5 fxe5 46.
h5 e4 47. Rh3 g5 48. h6 Rc2+ 49. Kf1 d4 50. cxd4 Rc8 51. h7 Rh8 52. Ke2 1-0

[Event "Liga CS Jug 2017"]
[Site "Vlasotince"]
[Date "2017.10.15"]
[Round "11.1"]
[White "STAMENKOVIC, Misa   ***"]
[Black "MIHAJLOVIC, Aleksandar   ***"]
[Result "0-1"]
[WhiteElo "1658"]
[BlackElo "1493"]
[PlyCount "50"]
[EventDate "2017.09.03"]

1. e4 d5 2. exd5 Nf6 3. Nc3 Nxd5 4. Bc4 Nxc3 5. bxc3 e5 6. Nf3 f6 7. O-O b6 8.
Nxe5 fxe5 9. Qh5+ Kd7 10. Qxe5 Kc6 11. Qb5+ Kb7 12. a4 a6 13. Qb3 a5 14. d3 Bc5
15. Bf4 Ka7 16. d4 Bd6 17. Bxd6 Qxd6 18. Rab1 Bb7 19. d5 Nd7 20. Rfe1 Nc5 21.
Qb5 Ba6 22. Qc6 Qxc6 23. dxc6 Bxc4 24. Re7 Rac8 25. Rxg7 Bd5 0-1

[Event "Liga CS Jug 2017"]
[Site "Vlasotince"]
[Date "2017.10.15"]
[Round "11.1"]
[White "STEFANOVIC, Dejan"]
[Black "VESELINOVIC, Branislav"]
[Result "1-0"]
[WhiteElo "2018"]
[BlackElo "1886"]
[PlyCount "105"]
[EventDate "2017.09.03"]

1. e4 c5 2. Nf3 Nc6 3. d4 cxd4 4. Nxd4 Qb6 5. Nb3 Nf6 6. Nc3 g6 7. Be3 Qd8 8.
f3 Bg7 9. Qd2 O-O 10. O-O-O d6 11. g4 Be6 12. h4 Ne5 13. Qg2 Qc8 14. Be2 Nc4
15. Bxc4 Qxc4 16. h5 Rfc8 17. hxg6 fxg6 18. Bd4 Qa6 19. Kb1 Rc4 20. Qh2 Rxd4
21. Nxd4 Bf7 22. Nb3 Rc8 23. f4 Rxc3 24. bxc3 Nxe4 25. Rd3 Bxb3 26. axb3 Nxc3+
27. Kc1 Qa3+ 28. Kd2 Ne4+ 29. Ke3 Nf6 30. Kf3 Qc5 31. Re1 Qc6+ 32. Kg3 Qd7 33.
Qe2 Kf7 34. Re3 Ng8 35. Qc4+ d5 36. Qa4 Qc8 37. Qb5 Qc6 38. Qxc6 bxc6 39. Re6
c5 40. Ra6 Bc3 41. Re2 Nf6 42. Kf3 h5 43. gxh5 gxh5 44. Rxa7 Ng8 45. Rd7 d4 46.
Rd5 Bb4 47. Rxh5 Nf6 48. Rhe5 Ng8 49. Ke4 Nf6+ 50. Kd3 Ng8 51. Kc4 Kf6 52. Rxc5
d3 53. cxd3 1-0

[Event "Liga CS Jug 2017"]
[Site "Vlasotince"]
[Date "2017.10.15"]
[Round "11.1"]
[White "STOJANOVIC, Filip   ***"]
[Black "KRSTIC, Mihajlo   ***"]
[Result "0-1"]
[WhiteElo "1468"]
[BlackElo "1627"]
[PlyCount "52"]
[EventDate "2017.09.03"]

1. e4 c5 2. Nf3 d6 3. Nc3 Nf6 4. Bc4 e6 5. a3 Be7 6. O-O O-O 7. d3 Nc6 8. h3 d5
9. exd5 exd5 10. Ba2 h6 11. Re1 a6 12. Bf4 Be6 13. Qd2 Kh7 14. d4 c4 15. b3 b5
16. a4 b4 17. Ne2 Ne4 18. Qc1 c3 19. Ng3 f5 20. Ne5 Nxd4 21. Be3 Bc5 22. Bxd4
Bxd4 23. Nxe4 fxe4 24. Ng4 Bxg4 25. hxg4 Bxf2+ 26. Kh1 Qh4# 0-1

[Event "Liga CS Jug 2017"]
[Site "Vlasotince"]
[Date "2017.10.15"]
[Round "11.1"]
[White "STOJANOVIC, Zoran H"]
[Black "MANIC, Dragan"]
[Result "1-0"]
[WhiteElo "2150"]
[BlackElo "2066"]
[PlyCount "49"]
[EventDate "2017.09.03"]

1. e4 c5 2. Nf3 Nc6 3. d4 cxd4 4. Nxd4 Qb6 5. Nb3 Nf6 6. Nc3 e6 7. Qe2 Bb4 8.
Bd2 a5 9. a3 Be7 10. Be3 Qc7 11. Nb5 Qb8 12. Bb6 Bd8 13. Bc5 Bc7 14. O-O-O a4
15. Nd6+ Bxd6 16. Bxd6 Qa7 17. Nd2 b5 18. e5 Qd4 19. c3 Qd5 20. Nb1 Qa2 21.
exf6 Na5 22. Nd2 b4 23. Bxb4 Nb3+ 24. Nxb3 axb3 25. Qd3 1-0

[Event "Liga CS Jug 2017"]
[Site "Vlasotince"]
[Date "2017.10.15"]
[Round "11.2"]
[White "DJORIC, Hadzi Goran"]
[Black "OBRENOVIC, Mihailo"]
[Result "1-0"]
[WhiteElo "2080"]
[BlackElo "2045"]
[PlyCount "67"]
[EventDate "2017.09.03"]

1. d4 d5 2. Nf3 Nf6 3. Bf4 Bf5 4. e3 e6 5. Nbd2 Bd6 6. Ne5 Ne4 7. Ndf3 f6 8.
Nd3 O-O 9. Be2 g5 10. Bxd6 Qxd6 11. h4 h6 12. Nd2 Nd7 13. Nxe4 dxe4 14. Nc1
Qb4+ 15. Kf1 Qxb2 16. Nb3 Qa3 17. Bc4 Nb6 18. g4 Qb4 19. gxf5 Qxc4+ 20. Kg2 Kf7
21. hxg5 exf5 22. Rxh6 Ke7 23. g6 Nd5 24. Rh7+ Kd6 25. Qh5 f4 26. Qh3 f5 27.
Qh5 Nf6 28. Qxf5 Nxh7 29. Qe5+ Kd7 30. Nc5+ Kc6 31. Qxe4+ Qd5 32. gxh7 Rh8 33.
Rh1 b6 34. Rh6+ 1-0

[Event "Liga CS Jug 2017"]
[Site "Vlasotince"]
[Date "2017.10.15"]
[Round "11.2"]
[White "KNEZEVIC, Milija"]
[Black "RANDJELOVIC, Nikola"]
[Result "1/2-1/2"]
[WhiteElo "1696"]
[BlackElo "1885"]
[PlyCount "107"]
[EventDate "2017.09.03"]

1. e4 c5 2. Bc4 Nc6 3. a3 g6 4. d3 Bg7 5. Nf3 e6 6. Qe2 Nge7 7. h3 Nd4 8. Nxd4
cxd4 9. Bg5 Qa5+ 10. Bd2 Qb6 11. Bb3 d6 12. O-O O-O 13. a4 Bd7 14. Na3 Bc6 15.
Bg5 Qc7 16. Qd2 d5 17. f3 a6 18. Bh6 b5 19. Bxg7 Kxg7 20. axb5 axb5 21. Rac1
Qd6 22. Qg5 b4 23. Nb1 Ba4 24. Nd2 f6 25. Qh4 Bxb3 26. Nxb3 e5 27. Ra1 Rxa1 28.
Rxa1 Rc8 29. Qf2 Qc7 30. Rc1 f5 31. Na1 Qa7 32. Qd2 Qb6 33. Kh1 Rc7 34. h4 Qf6
35. g3 f4 36. Qf2 fxg3 37. Qxg3 dxe4 38. fxe4 Qf4 39. Qxf4 exf4 40. Rf1 b3 41.
Nxb3 Rxc2 42. Nxd4 Rxb2 43. Rxf4 Rb6 44. Rf3 Ng8 45. Kg2 Nf6 46. Kh3 Nd7 47.
Rg3 Ne5 48. h5 Kf6 49. hxg6 hxg6 50. Ne2 Rb2 51. Nf4 Rd2 52. Nd5+ Kg7 53. Nf4
Kf6 54. Nd5+ 1/2-1/2

[Event "Liga CS Jug 2017"]
[Site "Vlasotince"]
[Date "2017.10.15"]
[Round "11.2"]
[White "MAJSTOROVIC, Dusan"]
[Black "DJOKOVIC, Nenad"]
[Result "1/2-1/2"]
[WhiteElo "1980"]
[BlackElo "1985"]
[PlyCount "85"]
[EventDate "2017.09.03"]

1. e4 e6 2. d4 d5 3. Nc3 dxe4 4. Nxe4 Bd7 5. Nf3 Bc6 6. Bd3 Nd7 7. O-O Be7 8.
b3 Ngf6 9. Qe2 Bxe4 10. Bxe4 Nxe4 11. Qxe4 c6 12. c4 Bf6 13. Ba3 Be7 14. Bxe7
Qxe7 15. Rad1 O-O 16. d5 cxd5 17. cxd5 Nf6 18. Qe5 Qc5 19. dxe6 Qe7 20. exf7+
Qxf7 21. Qf5 Rae8 22. Rfe1 Qc7 23. h3 Qc6 24. Qd3 b5 25. Qd4 Qc2 26. Qd2 Qc5
27. Qd6 Qc2 28. Rd2 Rxe1+ 29. Nxe1 Qb1 30. Qe6+ Kh8 31. Re2 h6 32. Qc6 Qf5 33.
Nf3 Rc8 34. Qd6 Rc1+ 35. Kh2 Qb1 36. Qe5 Rh1+ 37. Kg3 Qg6+ 38. Kf4 Qxg2 39.
Qb8+ Kh7 40. Qxb5 Qxh3 41. Qf5+ Qxf5+ 42. Kxf5 Rh5+ 43. Ke6 1/2-1/2

[Event "Liga CS Jug 2017"]
[Site "Vlasotince"]
[Date "2017.10.15"]
[Round "11.2"]
[White "MITROVIC, Marjan"]
[Black "PETROVIC, Dragan R"]
[Result "0-1"]
[WhiteElo "2114"]
[BlackElo "2262"]
[PlyCount "34"]
[EventDate "2017.09.03"]

1. c4 g6 2. Nc3 Bg7 3. g3 Nf6 4. Bg2 O-O 5. e4 d6 6. Nge2 e5 7. d4 exd4 8. Nxd4
Nbd7 9. O-O Re8 10. Re1 a5 11. h3 Nc5 12. Kh2 c6 13. f4 Qb6 14. Nb3 Qb4 15.
Nxc5 Qxc5 16. Na4 Qh5 17. Nb6 Ng4+ 0-1

[Event "Liga CS Jug 2017"]
[Site "Vlasotince"]
[Date "2017.10.15"]
[Round "11.2"]
[White "MITROVIC, Mikica"]
[Black "STAMENKOVIC, Lazar   ***"]
[Result "0-1"]
[WhiteElo "1963"]
[BlackElo "1900"]
[PlyCount "70"]
[EventDate "2017.09.03"]

1. Nf3 Nf6 2. g3 g6 3. Bg2 Bg7 4. O-O O-O 5. Nc3 c6 6. d3 d6 7. e4 e5 8. Ne2
Nbd7 9. c3 d5 10. Nd2 dxe4 11. Nxe4 Nxe4 12. dxe4 Nf6 13. Qc2 Qc7 14. h3 Nh5
15. Be3 Be6 16. b3 f5 17. f4 fxe4 18. Qxe4 Bd5 19. Qc2 Bxg2 20. Kxg2 exf4 21.
Nxf4 Nxf4+ 22. Bxf4 Qa5 23. Rac1 Qd5+ 24. Kh2 Rae8 25. c4 Qe6 26. Rce1 Qxe1 27.
Rxe1 Rxe1 28. Kg2 Rfe8 29. Kf3 Rf1+ 30. Kg4 Bf6 31. h4 h5+ 32. Kh3 Kf7 33. Qd3
Rf2 34. c5 Re1 35. Qc4+ Kg7 0-1

[Event "Liga CS Jug 2017"]
[Site "Vlasotince"]
[Date "2017.10.15"]
[Round "11.2"]
[White "RANDJELOVIC, Ilija   *"]
[Black "STANKOVIC, Nikola G   ***"]
[Result "1-0"]
[WhiteElo "1793"]
[BlackElo "1742"]
[PlyCount "111"]
[EventDate "2017.09.03"]

1. e4 c6 2. d4 d5 3. e5 Bf5 4. Nf3 e6 5. Be2 c5 6. O-O Nc6 7. c3 h6 8. a3 a6 9.
b4 c4 10. Nbd2 Nge7 11. Re1 Nc8 12. a4 b6 13. Nf1 Be7 14. Ne3 Bh7 15. Bf1 N8a7
16. g3 O-O 17. Ra2 Qd7 18. h3 Bd8 19. Nd2 Ne7 20. f4 Nf5 21. Nxf5 Bxf5 22. Bg2
Rb8 23. Nf1 Nc8 24. Ne3 Bh7 25. g4 Bh4 26. Ree2 Bd3 27. Red2 Ne7 28. Rxd3 cxd3
29. Qxd3 a5 30. b5 Rfc8 31. f5 f6 32. Ba3 fxe5 33. fxe6 Qxe6 34. Bxe7 e4 35.
Bxh4 exd3 36. Bxd5 Re8 37. Bxe6+ Rxe6 38. Nd5 g5 39. Bg3 Rf8 40. Be5 Rd8 41.
Nf6+ Kf7 42. Ne4 Kg6 43. Kf2 Rf8+ 44. Ke3 Rf1 45. Nf2 Re7 46. Nxd3 Rh1 47. Rf2
Rxh3+ 48. Ke4 Rh4 49. Rf6+ Kh7 50. Nf2 Rh2 51. Kd5 Rg2 52. Kc6 h5 53. gxh5 g4
54. Ne4 Ra2 55. Rg6 Rxa4 56. Ng5# 1-0

[Event "Liga CS Jug 2017"]
[Site "Vlasotince"]
[Date "2017.10.15"]
[Round "11.2"]
[White "VELICKOVIC, Slobodan"]
[Black "BLAGOJEVIC, Nebojsa"]
[Result "0-1"]
[WhiteElo "2020"]
[BlackElo "2181"]
[PlyCount "68"]
[EventDate "2017.09.03"]

1. d4 c6 2. Nf3 d5 3. e3 Nf6 4. Bd3 Bg4 5. Nbd2 Nbd7 6. c3 e5 7. dxe5 Nxe5 8.
Be2 Nxf3+ 9. Nxf3 Bd6 10. Nd4 Qd7 11. Bxg4 Nxg4 12. h3 Ne5 13. Nf3 O-O-O 14.
Nxe5 Bxe5 15. O-O f5 16. Qa4 Kb8 17. Bd2 g5 18. f4 Bf6 19. Qc2 g4 20. hxg4 fxg4
21. Kf2 h5 22. Rh1 h4 23. Rag1 g3+ 24. Ke1 Qg4 25. Qd1 Qf5 26. Bc1 Rhe8 27. Qd2
c5 28. Kd1 d4 29. exd4 Bxd4 30. Re1 Rxe1+ 31. Rxe1 Bf6 32. Qxd8+ Bxd8 33. Re5
Qd3+ 34. Ke1 h3 0-1

[Event "Liga CS Jug 2017"]
[Site "Vlasotince"]
[Date "2017.10.15"]
[Round "11.4"]
[White "PERUNOVIC, Ljubivoje"]
[Black "SPASIC, Petar   ***"]
[Result "0-1"]
[WhiteElo "1841"]
[BlackElo "1964"]
[PlyCount "119"]
[EventDate "2017.09.03"]

1. d4 Nf6 2. Nf3 e6 3. e3 d5 4. Bd3 c5 5. c3 Nc6 6. Nbd2 Bd6 7. O-O O-O 8. dxc5
Bxc5 9. e4 e5 10. h3 h6 11. Qe2 Re8 12. exd5 Nxd5 13. Nb3 Bb6 14. Qc2 Qf6 15.
Be4 Be6 16. c4 Nf4 17. Be3 Rac8 18. c5 Bc7 19. Bxf4 Qxf4 20. g3 Qf6 21. Kg2 g6
22. Nbd2 Qg7 23. Nc4 f5 24. Bxc6 bxc6 25. Rad1 Red8 26. Nd6 Bxd6 27. Rxd6 Rxd6
28. cxd6 e4 29. Nd2 Qd4 30. Rd1 Bd5 31. Nf1 Qe5 32. Ne3 Rd8 33. Qc5 Qxd6 34.
Qxa7 f4 35. gxf4 Qxf4 36. Qe7 Qf3+ 37. Kg1 Rf8 38. Qh4 Qe2 39. Rc1 Qxb2 40. Rc2
Qg7 41. Qg3 Qf6 42. Rd2 Qe6 43. Qg4 Qxg4+ 44. hxg4 Kf7 45. Kg2 Ke6 46. Kg3 Ra8
47. Rd1 Bxa2 48. Rh1 Rh8 49. f3 exf3 50. Kxf3 Bd5+ 51. Nxd5 cxd5 52. Ke3 Ke5
53. Rd1 h5 54. gxh5 gxh5 55. Rg1 h4 56. Rg5+ Ke6 57. Kd4 h3 58. Re5+ Kf6 59.
Re1 h2 60. Rh1 0-1

[Event "Liga CS Jug 2017"]
[Site "Vlasotince"]
[Date "2017.10.15"]
[Round "11.4"]
[White "RISTIC, Nebojsa B"]
[Black "MITROVIC, Darko R"]
[Result "1-0"]
[WhiteElo "2308"]
[BlackElo "2189"]
[PlyCount "101"]
[EventDate "2017.09.03"]

1. d4 Nf6 2. Nf3 e6 3. Bf4 b6 4. e3 Bb7 5. Nbd2 c5 6. Nc4 d5 7. Nce5 Be7 8.
Bb5+ Nfd7 9. Nxd7 Nxd7 10. Ne5 O-O 11. Nxd7 a6 12. Nxf8 axb5 13. Nxe6 fxe6 14.
Qg4 Qd7 15. Be5 Bf8 16. O-O b4 17. f4 g6 18. h4 Qf7 19. h5 Qf5 20. Qxf5 gxf5
21. Kf2 c4 22. g4 fxg4 23. Rg1 Kf7 24. Kg3 Ba6 25. Rge1 Bb5 26. Kxg4 Ba4 27.
Re2 Bb5 28. Rg2 b3 29. a3 bxc2 30. Rxc2 Ba4 31. Rg2 c3 32. bxc3 Rc8 33. Rc1 b5
34. Kf3 Bb3 35. Ke2 Ra8 36. Ra1 Bc2 37. Kd2 Be4 38. Rg3 b4 39. cxb4 Bxb4+ 40.
Ke2 Bf8 41. a4 Rc8 42. Ra2 Rc1 43. Rb2 Rh1 44. Rb7+ Ke8 45. Rb8+ Kf7 46. Kd2
Rxh5 47. Rb7+ Ke8 48. Rg8 Rh2+ 49. Kc3 Rc2+ 50. Kb3 Rc8 51. Bd6 1-0

[Event "Liga CS Jug 2017"]
[Site "Vlasotince"]
[Date "2017.10.15"]
[Round "11.4"]
[White "STEVANOVIC, Jovan   ***"]
[Black "DJORDJEVIC, Miroslav"]
[Result "1/2-1/2"]
[WhiteElo "1658"]
[BlackElo "1976"]
[PlyCount "22"]
[EventDate "2017.09.03"]

1. c4 c6 2. Nf3 d5 3. Qc2 Nf6 4. g3 Nbd7 5. d4 e6 6. Bg2 Bd6 7. O-O O-O 8. b3
Re8 9. Bb2 b5 10. Nbd2 Rb8 11. Ne5 Bb7 1/2-1/2

[Event "Liga CS Jug 2017"]
[Site "Vlasotince"]
[Date "2017.10.15"]
[Round "11.4"]
[White "VUKASINOVIC, Sasa"]
[Black "RANCIC, Djordje"]
[Result "1/2-1/2"]
[WhiteElo "2026"]
[BlackElo "1886"]
[PlyCount "51"]
[EventDate "2017.09.03"]

1. e4 c5 2. Nc3 g6 3. f4 Bg7 4. Nf3 Nc6 5. Bc4 e6 6. d3 a6 7. a4 Nge7 8. f5 d5
9. Bb3 dxe4 10. f6 Bxf6 11. Nxe4 Bg7 12. O-O Nf5 13. c3 c4 14. Bxc4 Ne5 15.
Nxe5 Bxe5 16. Qe1 Qc7 17. g3 Bd7 18. Qe2 Bc6 19. Bf4 Bxf4 20. Rxf4 O-O-O 21. b4
Qe5 22. Re1 Bxa4 23. Qf2 Qc7 24. Qa7 Bc6 25. Nc5 Qb8 26. Qb6 1/2-1/2

[Event "Liga CS Jug 2017"]
[Site "Vlasotince"]
[Date "2017.10.15"]
[Round "11.4"]
[White "VULICEVIC, Bratimir"]
[Black "DIMITRIJEVIC, Zoran"]
[Result "1/2-1/2"]
[WhiteElo "2131"]
[BlackElo "2075"]
[PlyCount "28"]
[EventDate "2017.09.03"]

1. d4 Nf6 2. Nf3 d5 3. c4 e6 4. Nc3 Be7 5. Bg5 Nbd7 6. e3 b6 7. cxd5 Nxd5 8.
Bxe7 Nxe7 9. Rc1 a6 10. Bd3 Bb7 11. O-O Ng6 12. Be4 Bxe4 13. Nxe4 O-O 14. Qc2
Rc8 1/2-1/2

[Event "Liga CS Jug 2017"]
[Site "Vlasotince"]
[Date "2017.10.15"]
[Round "11.5"]
[White "RILAK, Slavoljub"]
[Black "SAVIC, Aleksandar S   *"]
[Result "1-0"]
[WhiteElo "2004"]
[BlackElo "1872"]
[PlyCount "53"]
[EventDate "2017.09.03"]

1. e4 c5 2. Nf3 d6 3. d4 cxd4 4. Nxd4 Nf6 5. Nc3 Nc6 6. Be2 Qb6 7. Nb3 g6 8.
Be3 Qd8 9. f3 Bg7 10. Qd2 O-O 11. g4 a6 12. h4 b5 13. Bh6 Ne5 14. h5 Bxg4 15.
fxg4 Nfxg4 16. Bxg7 Kxg7 17. hxg6 fxg6 18. O-O-O Nf2 19. Qh6+ Kf7 20. Rdf1 Ke8
21. Rh2 Qb6 22. Nd1 Nfd3+ 23. cxd3 Rxf1 24. Bxf1 Ng4 25. Qxh7 Rc8+ 26. Rc2
Rxc2+ 27. Kxc2 1-0

[Event "Liga CS Jug 2017"]
[Site "Vlasotince"]
[Date "2017.10.15"]
[Round "11.6"]
[White "PETKOVIC, Dragoslav"]
[Black "SAVIC, Miodrag"]
[Result "1/2-1/2"]
[WhiteElo "2240"]
[BlackElo "2194"]
[PlyCount "31"]
[EventDate "2017.09.03"]

1. d4 d6 2. Nf3 g6 3. Bf4 Bg7 4. e3 Nd7 5. c3 e5 6. dxe5 dxe5 7. Bg3 Ngf6 8. h3
O-O 9. Bc4 Qe7 10. Qe2 Qe6 11. Bh2 Kh8 12. O-O Nd5 13. Bb3 Nxc3 14. Bc2 a5 15.
Nbd2 f6 16. Rfd1 {...55mov.} 1/2-1/2

[Event "Liga CS Jug 2017"]
[Site "Vlasotince"]
[Date "2017.10.15"]
[Round "11.6"]
[White "SAVIC, Ivan"]
[Black "NIKOLIC, Vladimir I   ***"]
[Result "1/2-1/2"]
[WhiteElo "1927"]
[BlackElo "2075"]
[PlyCount "26"]
[EventDate "2017.09.03"]

1. e4 e5 2. Nf3 Nc6 3. Bb5 a6 4. Bxc6 dxc6 5. O-O Bg4 6. d3 Qf6 7. Be3 Bd6 8.
a3 Bh5 9. Nbd2 h6 10. Nc4 Ne7 11. b4 O-O 12. h4 Rfd8 13. g4 Bxb4 1/2-1/2

[Event "Liga CS Jug 2017"]
[Site "Vlasotince"]
[Date "2017.10.15"]
[Round "11.6"]
[White "SINADINOVIC, Ilija   *"]
[Black "ANDJELKOVIC, Danijela   *"]
[Result "1-0"]
[WhiteElo "1896"]
[BlackElo "1581"]
[PlyCount "84"]
[EventDate "2017.09.03"]

1. c4 Nf6 2. Nc3 g6 3. g3 Bg7 4. Bg2 O-O 5. d3 d6 6. e4 e5 7. Nge2 Nc6 8. O-O
h6 9. f4 Nh7 10. f5 Bd7 11. Be3 Qc8 12. g4 g5 13. Nd5 Qd8 14. Ng3 f6 15. Nh5
Ne7 16. Qd2 c6 17. Nxe7+ Qxe7 18. h4 Be8 19. hxg5 Bxh5 20. gxh6 Bxg4 21. hxg7
Qxg7 22. Bh6 Qf7 23. Bxf8 Kxf8 24. Qh6+ Ke7 25. Bf3 Rg8 26. Bxg4 Rxg4+ 27. Kf2
Ng5 28. Rg1 Rf4+ 29. Ke2 Kd7 30. Raf1 Rxf1 31. Rxf1 Kc7 32. Qg6 Qe7 33. Rc1 Nh3
34. Qg3 Qh7 35. Kd2 Nf4 36. Re1 Kb6 37. Kc2 Qh5 38. a3 a5 39. d4 a4 40. Kb1
exd4 41. Qc3 c5 42. Qd2 Qf3 {....75mov.} 1-0

[Event "Liga CS Jug 2017"]
[Site "Vlasotince"]
[Date "2017.10.15"]
[Round "11.6"]
[White "STOJILJKOVIC, Zivojin"]
[Black "VASIC, Zarko"]
[Result "1-0"]
[WhiteElo "1948"]
[BlackElo "2006"]
[PlyCount "33"]
[EventDate "2017.09.03"]

1. e4 e6 2. d4 d5 3. exd5 exd5 4. Nf3 Bg4 5. Be2 Bd6 6. h3 Bh5 7. O-O Nf6 8.
Nc3 c6 9. Ne5 Bxe2 10. Nxe2 Qc7 11. Nf3 O-O 12. b3 b5 13. Qd3 Nbd7 14. c4 bxc4
15. bxc4 Nb6 16. Qc3 Rfe8 17. Be3 {....81mov.} 1-0

[Event "Liga CS Jug 2017"]
[Site "Vlasotince"]
[Date "2017.10.15"]
[Round "11.6"]
[White "VASIC, Blagoje"]
[Black "ANDREJEVIC, Miodrag"]
[Result "1-0"]
[WhiteElo "1902"]
[BlackElo "1863"]
[PlyCount "29"]
[EventDate "2017.09.03"]

1. e4 c5 2. d3 e6 3. Nf3 Nc6 4. g3 Nge7 5. Bg2 d5 6. Nbd2 d4 7. O-O Ng6 8. a4
Bd6 9. Nc4 Bc7 10. Bd2 e5 11. Ne1 O-O 12. f4 f5 13. fxe5 Bxe5 14. g4 Bb8 15.
gxf5 1-0

[Event "Liga CS Jug 2017"]
[Site "Vlasotince"]
[Date "2017.10.15"]
[Round "11.6"]
[White "VUCETIC, Mirko"]
[Black "PUZIC, Slobodan"]
[Result "1-0"]
[WhiteElo "2045"]
[BlackElo "2050"]
[PlyCount "24"]
[EventDate "2017.09.03"]

1. d4 d6 2. Nf3 g6 3. Bf4 Bg7 4. e3 Nd7 5. c3 e5 6. dxe5 dxe5 7. Bg3 Ngf6 8. h3
O-O 9. Bc4 Qe7 10. Qe2 Nh5 11. Bh2 Kh8 12. O-O Nb6 {....55mov.} 1-0

[Event "Liga CS Jug 2017"]
[Site "Vlasotince"]
[Date "2017.??.??"]
[Round "14.4"]
[White "LUKIC, Igor M"]
[Black "MILUTINOVIC, Vladan"]
[Result "1-0"]
[WhiteElo "2056"]
[BlackElo "2041"]
[PlyCount "87"]
[EventDate "2017.09.03"]

1. d4 d5 2. Nc3 Nf6 3. Bg5 Bf5 4. Nf3 Nbd7 5. e3 h6 6. Bh4 e6 7. Bd3 Bxd3 8.
Qxd3 Be7 9. Bg3 a6 10. e4 dxe4 11. Nxe4 O-O 12. O-O Nh5 13. Qb3 Rb8 14. Rad1
Nxg3 15. Nxg3 Nf6 16. Ne5 Qd6 17. Rfe1 Qb4 18. Qxb4 Bxb4 19. c3 Be7 20. f4 g6
21. Ne4 Nxe4 22. Rxe4 Rbd8 23. b4 Kg7 24. a4 Rfe8 25. Ree1 g5 26. fxg5 hxg5 27.
Ng4 Rd7 28. Rd3 Bd6 29. Rf3 c6 30. Ne3 Rh8 31. g3 Ra8 32. Nc4 Bc7 33. a5 Re8
34. Rfe3 Red8 35. Kg2 Rd5 36. Re4 Rg8 37. R1e2 Bd8 38. Rf2 Re8 39. Ne3 Rb5 40.
Nf5+ Kf8 41. Nd6 Rd5 42. Nxe8 Kxe8 43. h4 gxh4 44. gxh4 1-0

[Event "Liga CS Jug 2017"]
[Site "Vlasotince"]
[Date "2017.??.??"]
[Round "14.4"]
[White "MITROVIC, Darko R"]
[Black "SAVIC, Miodrag"]
[Result "1/2-1/2"]
[WhiteElo "2189"]
[BlackElo "2194"]
[PlyCount "20"]
[EventDate "2017.09.03"]

1. e4 e5 2. Nf3 Nf6 3. Nxe5 d6 4. Nf3 Nxe4 5. d4 d5 6. Bf4 Bd6 7. Bxd6 Qxd6 8.
c3 O-O 9. Be2 Bg4 10. O-O Nd7 1/2-1/2

[Event "Liga CS Jug 2017"]
[Site "Vlasotince"]
[Date "2017.??.??"]
[Round "14.4"]
[White "RANCIC, Djordje"]
[Black "VASIC, Zarko"]
[Result "1/2-1/2"]
[WhiteElo "1886"]
[BlackElo "2006"]
[PlyCount "24"]
[EventDate "2017.09.03"]

1. d4 g6 2. Nf3 Bg7 3. c3 Nf6 4. Bg5 d6 5. e3 c6 6. Nbd2 O-O 7. Bd3 Nbd7 8. Qc2
c5 9. O-O b6 10. Rad1 Bb7 11. Bh4 Rc8 12. Ng5 Qc7 1/2-1/2

[Event "Liga CS Jug 2017"]
[Site "Vlasotince"]
[Date "2017.??.??"]
[Round "14.4"]
[White "SAVIC, Ivan"]
[Black "PERUNOVIC, Ljubivoje"]
[Result "1-0"]
[WhiteElo "1927"]
[BlackElo "1841"]
[PlyCount "65"]
[EventDate "2017.09.03"]

1. e4 g6 2. d4 Bg7 3. Nf3 c5 4. c3 cxd4 5. cxd4 d6 6. Nc3 Nc6 7. Be3 Nf6 8. h3
O-O 9. Bc4 e5 10. O-O a6 11. a3 h6 12. Rc1 Kh7 13. b4 b5 14. Ba2 Bb7 15. Re1
Nh5 16. Bd5 Qd7 17. dxe5 dxe5 18. Qb3 Nd4 19. Qd1 Nxf3+ 20. Qxf3 Nf6 21. Bb3
Nxe4 22. Nxe4 f5 23. Nc5 Bxf3 24. Nxd7 Rfd8 25. Nb6 Rab8 26. gxf3 Rd3 27. Bd1
Rxa3 28. Bc5 a5 29. bxa5 Rxa5 30. Bb3 Rd8 31. Nd5 Ra6 32. Bb4 Rd7 33. Rc5 1-0

[Event "Liga CS Jug 2017"]
[Site "Vlasotince"]
[Date "2017.??.??"]
[Round "14.4"]
[White "VASIC, Blagoje"]
[Black "STEVANOVIC, Jovan   ***"]
[Result "1/2-1/2"]
[WhiteElo "1902"]
[BlackElo "1658"]
[PlyCount "104"]
[EventDate "2017.09.03"]

1. e4 c5 2. Nc3 Nc6 3. Nf3 d6 4. g3 g6 5. Bg2 Bg7 6. O-O e6 7. d3 Nge7 8. Be3
Nd4 9. Bxd4 cxd4 10. Ne2 Qb6 11. Rb1 O-O 12. Qd2 Bd7 13. c4 e5 14. b4 f5 15.
exf5 Bxf5 16. Nh4 Qc7 17. Nxf5 Nxf5 18. g4 Bh6 19. Qb2 Ng7 20. Bd5+ Kh8 21. f4
g5 22. f5 Ne8 23. h3 Nf6 24. Bg2 Bg7 25. Ng3 Rab8 26. a4 Qd7 27. Qb3 Qf7 28.
Ne4 Nxe4 29. Bxe4 Bf6 30. Rfc1 b6 31. b5 h5 32. Kg2 Kg7 33. Rh1 Bd8 34. Rbf1
Kf6 35. Qd1 h4 36. Qb3 Re8 37. Bc6 Re7 38. Kf3 Rc7 39. Ra1 a5 40. Qc2 Be7 41.
Qe2 Qg8 42. Qe4 Qf7 43. Qd5 Qxd5+ 44. Bxd5 Rc5 45. Rhe1 Bd8 46. Bc6 Bc7 47. Re4
Rf8 48. Rae1 Rf7 49. Bd5 Re7 50. R1e2 Bb8 51. Be6 Bc7 52. Bd5 Bb8 1/2-1/2